| 000 | 01182nam a2200325Ii 4500 | ||
|---|---|---|---|
| 001 | 10445 | ||
| 003 | Bd-RjUL | ||
| 005 | 20211208234944.0 | ||
| 008 | 140123s1980 nyua 000 0 eng d | ||
| 020 | _a0070501165 | ||
| 035 | _aMITb10133015 | ||
| 035 | _a(OCoLC)06455894 | ||
| 035 |
_aGLIS00133015 _a(Bd-RjUL)10493 |
||
| 040 |
_aCLS _cCLS _dm.c. _dMYG _dBd-RjUL _beng |
||
| 041 | _aeng | ||
| 082 | 0 | 4 |
_219 _a547 _bPIS 1980 |
| 090 |
_aQD251.2 _b.O75 1980 Suppl. |
||
| 099 | _aQD251.2.O75 1980 Suppl. | ||
| 100 | 1 |
_aPine, Stanley H. _931733 |
|
| 245 | 0 | 0 |
_aStudent/Instructor solution supplement to accompany Pine/Hendrickson/Cram/Hammond : _bOrganic chemistry / _cS. H. Pine. |
| 250 | _a4th ed. | ||
| 260 |
_aNew York : _bMcGraw-Hill, _c1980. |
||
| 300 |
_a441 p. : _bill. ; _c26 cm. |
||
| 500 | _aSupplement to: Organic chemistry, 4th ed., Stanley H. Pine ... [et al.]. | ||
| 650 | 0 |
_aChemistry, Organic _vHandbooks, manuals, etc. _932274 |
|
| 650 | 0 |
_aChemistry, Organic _vProblems, exercises, etc. _932275 |
|
| 700 | 1 |
_aPine, Stanley H. _tOrganic chemistry. _932276 |
|
| 740 | 0 | _aStudent/Instructor solution supplement to accompany ... Organic chemistry. | |
| 942 |
_2ddc _cBK |
||
| 999 |
_c10445 _d10445 |
||